[Event "Hessenliga 1617"]
[Site "Hessen"]
[Date "2017.02.05"]
[Round "6.5"]
[White "Orwatsch, Gerhard"]
[Black "Glauder, Jan"]
[Result "1/2-1/2"]
[WhiteElo "2057"]
[BlackElo "2018"]
[PlyCount "93"]
[EventDate "2016.09.18"]
[EventType "team-tourn"]
[EventRounds "9"]
[EventCountry "GER"]
[SourceTitle "EXT 2018"]
[Source "ChessBase"]
[SourceDate "2017.10.13"]
[SourceVersion "1"]
[SourceVersionDate "2017.10.13"]
[SourceQuality "1"]
[WhiteTeam "Giessen"]
[BlackTeam "Hofheim II"]
[WhiteTeamCountry "GER"]
[BlackTeamCountry "GER"]

1. d4 Nf6 2. Bf4 e6 3. e3 d5 4. Nf3 Bd6 5. Ne5 0-0 6. Nd2 c5 7. c3 Qc7 8. Bg3 Nc6 9. f4 b6 10. Bd3 Bb7 11. 0-0 Ne7 12. Qf3 Nd7 13. Bh4 f5 14. Qe2 Nf6 15. Ndf3 h6 16. h3 Ne4 17. g4 Kh7 18. g5 c4 19. Bc2 Bc6 20. Qg2 Be8 21. Kh1 Bxe5 22. Nxe5 h5 23. g6+ Nxg6 24. Nxg6 Bxg6 25. Rg1 Be8 26. Qe2 Rb8 27. Rg2 b5 28. Rag1 g6 29. a3 a5 30. Be1 Qe7 31. Qd1 Bf7 32. Kh2 Rg8 33. Qe2 Rh8 34. Qd1 Kg7 35. Qe2 Rbg8 36. Qd1 Kf8 37. Qe2 Ke8 38. Qd1 Kd7 39. Qe2 Rb8 40. Qd1 Nd6 41. Qe2 Nc8 42. Qd1 Na7 43. Bb1 Nc6 44. Bc2 Kc7 45. Bd2 Rb7 46. Be1 Kd7 47. Rg5 1/2-1/2

[Event "Hessenliga 1516"]
[Site "Germany"]
[Date "2016.02.14"]
[Round "7.7"]
[White "Orwatsch, Gerhard"]
[Black "Daechert, Peter"]
[Result "1/2-1/2"]
[WhiteElo "2078"]
[BlackElo "2016"]
[PlyCount "20"]
[EventDate "2015.09.27"]
[EventType "team-tourn"]
[EventRounds "9"]
[EventCountry "GER"]
[SourceTitle "EXT 2018"]
[Source "ChessBase"]
[SourceDate "2017.10.13"]
[SourceVersion "1"]
[SourceVersionDate "2017.10.13"]
[SourceQuality "1"]
[WhiteTeam "Giessen II"]
[BlackTeam "Gelnhausen"]
[WhiteTeamCountry "GER"]
[BlackTeamCountry "GER"]

1. d4 b6 2. Bf4 Bb7 3. e3 e6 4. Nf3 f5 5. Nbd2 Nf6 6. Be2 Be7 7. h3 0-0 8. c3 Ne4 9. Nxe4 Bxe4 10. Qb3 Nc6 1/2-1/2

[Event "Frankfurt-chA"]
[Site "Frankfurt"]
[Date "2013.06.10"]
[Round "6"]
[White "Orwatsch, Gerhard"]
[Black "Rolle, Eric"]
[Result "1/2-1/2"]
[WhiteElo "2057"]
[BlackElo "2269"]
[PlyCount "114"]
[EventDate "2013.04.29"]
[EventType "swiss"]
[EventRounds "7"]
[EventCountry "GER"]
[SourceTitle "EXT 2014"]
[Source "ChessBase"]
[SourceDate "2013.11.20"]
[SourceVersion "1"]
[SourceVersionDate "2013.11.20"]
[SourceQuality "1"]

1. d4 d6 2. c3 Nf6 3. g3 Nbd7 4. Bg2 e5 5. Nh3 Be7 6. 0-0 c6 7. f3 0-0 8. Nf2 a5 9. a4 Re8 10. e4 b5 11. Be3 Ba6 12. Re1 Qc7 13. Nd2 Nb6 14. axb5 cxb5 15. f4 Nbd7 16. g4 h6 17. h4 Nh7 18. Nf3 Bb7 19. f5 Qd8 20. dxe5 Nxe5 21. Nxe5 dxe5 22. Qxd8 Bxd8 23. h5 Nf6 24. Red1 Bc7 25. Bf3 Bc6 26. g5 hxg5 27. Bxg5 Nd7 28. Be3 Nb6 29. Kg2 Nc4 30. Bc1 Red8 31. Rh1 Nd2 32. h6 Bb6 33. hxg7 f6 34. Rh6 Bxf2 35. Kxf2 Nxf3 36. Kxf3 Kxg7 37. Be3 Rh8 38. Rg1+ Kf7 39. Rxh8 Rxh8 40. Ra1 a4 41. Bf2 Rh3+ 42. Kg4 Rd3 43. Rh1 Kg7 44. Re1 Rd2 45. Bc5 Rxb2 46. Kf3 Rc2 47. Re3 Rd2 48. Bb4 Rh2 49. Kg3 Rb2 50. Kf3 Kh6 51. Rd3 Be8 52. Rd8 Bh5+ 53. Kg3 Kg7 54. Rd7+ Bf7 55. Rb7 Rb3 56. Ra7 Rb1 57. Kf3 Rh1 1/2-1/2

[Event "Frankfurt-chA"]
[Site "Frankfurt"]
[Date "2013.05.27"]
[Round "4"]
[White "Orwatsch, Gerhard"]
[Black "Froehlich Dill, Astrid"]
[Result "1/2-1/2"]
[WhiteElo "2057"]
[BlackElo "1936"]
[PlyCount "79"]
[EventDate "2013.04.29"]
[EventType "swiss"]
[EventRounds "7"]
[EventCountry "GER"]
[SourceTitle "EXT 2014"]
[Source "ChessBase"]
[SourceDate "2013.11.20"]
[SourceVersion "1"]
[SourceVersionDate "2013.11.20"]
[SourceQuality "1"]

1. d4 Nf6 2. Nf3 e6 3. Bg5 c5 4. e3 cxd4 5. exd4 d5 6. c3 Qb6 7. Qb3 Qxb3 8. axb3 Bd6 9. Nbd2 Nc6 10. Bd3 h6 11. Bh4 Nh5 12. Bg3 Nxg3 13. hxg3 Bd7 14. b4 b6 15. Ba6 Bc8 16. 0-0 0-0 17. Rfe1 Re8 18. Bb5 Bd7 19. Nb3 Nb8 20. Bd3 g5 21. Ne5 Re7 22. Ra2 Be8 23. b5 Kg7 24. Rea1 f6 25. Ng4 h5 26. Ne3 f5 27. Bxf5 Bxb5 28. Bc2 Nc6 29. Nd2 Na5 30. Re1 Kf6 31. c4 Nxc4 32. Nexc4 Bxc4 33. Nxc4 dxc4 34. Be4 Rd8 35. Rc1 Rc7 36. Ra4 b5 37. Ra6 Ke7 38. Rca1 b4 39. Rxa7 Rdd7 40. Rxc7 1/2-1/2

[Event "Nuremberg Zabo op 14th"]
[Site "Nuremberg"]
[Date "2012.09.15"]
[Round "2.18"]
[White "Laustsen, Karl Johann"]
[Black "Orwatsch, Gerhard"]
[Result "0-1"]
[WhiteElo "1782"]
[BlackElo "1994"]
[PlyCount "116"]
[EventDate "2012.09.14"]
[EventType "swiss"]
[EventRounds "5"]
[EventCountry "GER"]
[SourceTitle "EXT 2022"]
[Source "ChessBase"]
[SourceDate "2021.10.06"]
[SourceVersion "1"]
[SourceVersionDate "2021.10.06"]
[SourceQuality "1"]

1. d4 g6 2. Bf4 Bg7 3. e3 c5 4. c3 b6 5. Nf3 Bb7 6. Nbd2 Nf6 7. Be2 0-0 8. 0-0 d6 9. h3 Nbd7 10. Rc1 Qe8 11. Nc4 Ne4 12. Ng5 Nxg5 13. Bxg5 Nf6 14. Bf4 Rd8 15. Qc2 Ba8 16. Nd2 Qc6 17. Bf3 Qc8 18. Bxa8 Qxa8 19. Nf3 c4 20. Rfe1 Ne4 21. Rcd1 d5 22. Nd2 Nxd2 23. Rxd2 Qc6 24. Rde2 f5 25. Qc1 Rde8 26. Qc2 b5 27. Bh2 a5 28. f3 e5 29. Bxe5 Bxe5 30. dxe5 Rxe5 31. e4 fxe4 32. fxe4 Qc5+ 33. Kh1 d4 34. cxd4 Qxd4 35. Qc3 Qxc3 36. bxc3 Rd8 37. Rb1 Rd3 38. Reb2 Rxc3 39. Rxb5 Rxb5 40. Rxb5 Ra3 41. Rb2 Kf7 42. Rc2 Ra4 43. Kg1 Ke6 44. Kf2 Ke5 45. Kf3 Ra3+ 46. Kg4 h5+ 47. Kg5 Kd4 48. Re2 Kd3 49. Re1 Kd2 50. Rf1 Rg3+ 51. Kf6 Rxg2 52. e5 Re2 53. e6 c3 54. e7 c2 55. Kf7 c1Q 56. Rxc1 Kxc1 57. e8Q Rxe8 58. Kxe8 g5 0-1

[Event "Vellmar op-A 4th"]
[Site "Vellmar"]
[Date "2012.07.26"]
[Round "1"]
[White "Orwatsch, Gerhard"]
[Black "Hefner, Felix"]
[Result "1-0"]
[WhiteElo "2072"]
[BlackElo "1847"]
[PlyCount "55"]
[EventDate "2012.07.26"]
[EventType "swiss"]
[EventRounds "7"]
[EventCountry "GER"]
[SourceTitle "EXT 2014"]
[Source "ChessBase"]
[SourceDate "2013.11.20"]
[SourceVersion "1"]
[SourceVersionDate "2013.11.20"]
[SourceQuality "1"]

1. d4 f5 2. Nf3 Nf6 3. Bf4 g6 4. c3 Bg7 5. Qc1 0-0 6. Bh6 d6 7. Bxg7 Kxg7 8. Nbd2 b6 9. e3 Bb7 10. Qc2 Nbd7 11. Ng5 Qc8 12. Ne6+ Kg8 13. Nxf8 Kxf8 14. h4 e5 15. Nf3 Qe8 16. Be2 f4 17. exf4 exf4 18. 0-0 Nh5 19. Ng5 Ndf6 20. Bf3 Bxf3 21. Nxf3 Ne4 22. Rfe1 d5 23. Ng5 Qe7 24. Nxe4 Qxh4 25. Nd2 f3 26. Nxf3 Qg4 27. Nh2 Qg5 28. Re5 1-0

[Event "GER-chT Seniors 20th"]
[Site "Gladenbach"]
[Date "2011.09.17"]
[Round "7.2"]
[White "Zunker, Reinhard"]
[Black "Orwatsch, Gerhard"]
[Result "1/2-1/2"]
[WhiteElo "2031"]
[BlackElo "1992"]
[PlyCount "31"]
[EventDate "2011.09.11"]
[EventType "team-swiss"]
[EventRounds "7"]
[EventCountry "GER"]
[SourceTitle "CBM 144 Extra"]
[Source "ChessBase"]
[SourceDate "2011.10.28"]
[SourceVersion "1"]
[SourceVersionDate "2011.10.28"]
[SourceQuality "1"]
[WhiteTeam "Hessen II"]
[BlackTeam "Hessen III"]
[WhiteTeamCountry "GER"]
[BlackTeamCountry "GER"]

1. e4 c6 2. d4 Na6 3. Nc3 Nc7 4. Nf3 Nf6 5. Bd3 b6 6. Qe2 Bb7 7. 0-0 Qc8 8. Re1 Ba6 9. e5 Bxd3 10. Qxd3 Nfd5 11. Ne4 b5 12. Bd2 g6 13. b3 b4 14. a3 a5 15. Nfg5 h6 16. Nf3 1/2-1/2

[Event "Frankfurt-ch"]
[Site "Frankfurt"]
[Date "2009.04.27"]
[Round "1"]
[White "Orwatsch, Gerhard"]
[Black "Wilhelm, Andreas"]
[Result "1-0"]
[WhiteElo "2080"]
[BlackElo "2024"]
[PlyCount "71"]
[EventDate "2009.04.27"]
[EventType "tourn"]
[EventRounds "7"]
[EventCountry "GER"]
[SourceTitle "EXT 2010"]
[Source "ChessBase"]
[SourceDate "2010.11.25"]
[SourceVersion "1"]
[SourceVersionDate "2010.11.25"]
[SourceQuality "1"]

1. d4 Nf6 2. Bf4 g6 3. e3 Bg7 4. Nd2 d5 5. Ngf3 0-0 6. Bd3 b6 7. Qe2 c5 8. c3 a5 9. 0-0 Ba6 10. Bxa6 Nxa6 11. Qb5 Nd7 12. Rfe1 e6 13. Rad1 Nc7 14. Qa4 Qc8 15. Ne5 b5 16. Qc2 Nxe5 17. Bxe5 c4 18. Bxg7 Kxg7 19. e4 Qd7 20. e5 f6 21. exf6+ Rxf6 22. Nf3 Raf8 23. Ne5 Qd6 24. f3 Na6 25. Re2 Nb8 26. Rde1 Re8 27. Qd2 Rf5 28. Ng4 g5 29. Re5 Rxe5 30. Rxe5 Re7 31. Qxg5+ Kf8 32. Nh6 Ke8 33. Qg8+ Kd7 34. Nf5 Qb6 35. Nxe7 Kxe7 36. Qxh7+ 1-0

[Event "Frankfurt-ch"]
[Site "Frankfurt"]
[Date "2007.05.21"]
[Round "4"]
[White "Gutacker, Stephan"]
[Black "Orwatsch, Gerhard"]
[Result "0-1"]
[WhiteElo "1980"]
[BlackElo "2082"]
[PlyCount "36"]
[EventDate "2007.04.30"]
[EventType "swiss"]
[EventRounds "7"]
[EventCountry "GER"]
[SourceTitle "EXT 2008"]
[Source "ChessBase"]
[SourceDate "2007.11.25"]
[SourceVersion "1"]
[SourceVersionDate "2007.11.25"]
[SourceQuality "1"]

1. e4 g6 2. d4 Bg7 3. Nc3 c6 4. Bc4 d5 5. exd5 b5 6. Bb3 b4 7. Na4 cxd5 8. Ne2 Nf6 9. 0-0 0-0 10. Bf4 Nc6 11. Nc5 a5 12. Ba4 Qb6 13. c3 Nd7 14. Rc1 e5 15. dxe5 Nxc5 16. Bxc6 Qxc6 17. cxb4 axb4 18. Qd4 Qa6 0-1

[Event "Hessen-ch qual-A+B"]
[Site "Erlensee"]
[Date "2007.04.05"]
[Round "2"]
[White "Orwatsch, Gerhard"]
[Black "Seifert, Norbert"]
[Result "1/2-1/2"]
[WhiteElo "2098"]
[BlackElo "2112"]
[PlyCount "125"]
[EventDate "2007.04.04"]
[EventType "swiss"]
[EventRounds "7"]
[EventCountry "GER"]
[SourceTitle "CBM 117 Extra"]
[Source "ChessBase"]
[SourceDate "2007.05.09"]
[SourceVersion "1"]
[SourceVersionDate "2007.05.09"]
[SourceQuality "1"]

1. d4 Nf6 2. Nf3 b6 3. Bf4 e6 4. Nbd2 d5 5. e3 Be7 6. h3 0-0 7. Bd3 Ba6 8. c4 c5 9. dxc5 bxc5 10. 0-0 Nc6 11. a3 Qb6 12. Qc2 Rfd8 13. Rfd1 Rac8 14. Rab1 h6 15. Ne5 d4 16. Nxc6 Qxc6 17. exd4 Rxd4 18. Be5 Rh4 19. Bg3 Bb7 20. f3 Rd4 21. Ne4 Nh5 22. Be5 Rdd8 23. Nf2 f5 24. b4 Bf6 25. b5 Qe8 26. Bxf6 gxf6 27. Bf1 Nf4 28. Rxd8 Rxd8 29. Rd1 Rd7 30. Qc1 e5 31. Rxd7 Qxd7 32. Qd1 Qd4 33. Qxd4 exd4 34. g3 Ne6 35. f4 Be4 36. Bd3 Bxd3 37. Nxd3 Kf7 38. Kf2 Ke7 39. Kf3 Kd6 40. g4 Ng7 41. a4 fxg4+ 42. hxg4 f5 43. g5 hxg5 44. fxg5 Ne6 45. g6 Ke7 46. a5 Kf6 47. b6 axb6 48. axb6 Nd8 49. Nxc5 Nc6 50. b7 Nb8 51. g7 Kxg7 52. Ne6+ Kf6 53. Nxd4 Ke5 54. Nb5 f4 55. Ke2 Ke4 56. Kf2 Kd3 57. Nd6 Kd4 58. Kf3 Kc5 59. Ne4+ Kxc4 60. Kxf4 Kd5 61. Kf5 Kc6 62. Nd6 Kxd6 63. Kf6 1/2-1/2

[Event "Hessen-ch qual-A+B"]
[Site "Erlensee"]
[Date "2007.04.04"]
[Round "1"]
[White "Feicht, Arno"]
[Black "Orwatsch, Gerhard"]
[Result "0-1"]
[WhiteElo "2061"]
[BlackElo "2098"]
[PlyCount "128"]
[EventDate "2007.04.04"]
[EventType "swiss"]
[EventRounds "7"]
[EventCountry "GER"]
[SourceTitle "CBM 117 Extra"]
[Source "ChessBase"]
[SourceDate "2007.05.09"]
[SourceVersion "1"]
[SourceVersionDate "2007.05.09"]
[SourceQuality "1"]

1. e4 g6 2. d4 Bg7 3. Bc4 c6 4. Nc3 d5 5. exd5 b5 6. Bb3 b4 7. Nce2 cxd5 8. Bd2 a5 9. a3 bxa3 10. Rxa3 Nf6 11. Qa1 Nc6 12. Ba4 Bd7 13. Bxc6 Bxc6 14. Rxa5 0-0 15. Nf3 Qb6 16. Ne5 Bb7 17. 0-0 Rfc8 18. Rc1 Ne4 19. Be1 f6 20. Ng4 e5 21. Qa3 h5 22. Ne3 exd4 23. Nd1 Bf8 24. b4 Nc3 25. Bxc3 dxc3 26. Rxa8 Bxa8 27. Ndxc3 Qxb4 28. Qa6 Qb7 29. Qe6+ Kg7 30. Rb1 Qc6 31. Qxc6 Rxc6 32. Rb8 Ra6 33. Nd4 Bd6 34. Rb5 Be5 35. Nde2 d4 36. f4 Bd6 37. Nxd4 Bxf4 38. Kf2 Bxh2 39. Nd5 Be5 40. Nf3 Bc6 41. Rb6 Rxb6 42. Nxb6 Bd6 43. Nc4 Bc5+ 44. Ke2 g5 45. Ne3 Kg6 46. c4 g4 47. Nh4+ Kg5 48. g3 Be4 49. Nd5 Bd6 50. Nc3 Bc6 51. Kf2 f5 52. Ng2 f4 53. gxf4+ Bxf4 54. Nxf4 Kxf4 55. Ne2+ Kg5 56. c5 h4 57. Nd4 Bd5 58. c6 g3+ 59. Ke3 h3 60. c7 Bb7 61. Ne6+ Kg4 62. Nc5 Bc8 63. Ne4 h2 64. Nxg3 Kxg3 0-1

[Event "Hessenliga 0607"]
[Site "Germany"]
[Date "2007.01.28"]
[Round "6.6"]
[White "Sieg, Karsten"]
[Black "Orwatsch, Gerhard"]
[Result "1-0"]
[WhiteElo "2017"]
[BlackElo "2089"]
[PlyCount "89"]
[EventDate "2006.09.17"]
[EventType "team"]
[EventRounds "9"]
[EventCountry "GER"]
[SourceTitle "EXT 2008"]
[Source "ChessBase"]
[SourceDate "2007.11.25"]
[SourceVersion "1"]
[SourceVersionDate "2007.11.25"]
[SourceQuality "1"]
[WhiteTeam "Frankfurt BvK II"]
[BlackTeam "Giessen II"]
[WhiteTeamCountry "GER"]
[BlackTeamCountry "GER"]

1. e4 g6 2. d4 Bg7 3. Nf3 c6 4. Be2 d5 5. e5 Nh6 6. h3 0-0 7. 0-0 f6 8. c4 Nf7 9. exf6 Bxf6 10. Nc3 e6 11. Bf4 Nd7 12. Rc1 a6 13. Re1 b5 14. b3 Bb7 15. Bd3 Re8 16. Ne5 Nfxe5 17. dxe5 Bg7 18. cxb5 axb5 19. Qg4 Ba6 20. Bb1 c5 21. h4 c4 22. Rcd1 Nf8 23. h5 Qc7 24. hxg6 Nxg6 25. Bxg6 hxg6 26. Qxg6 Qf7 27. Qg4 Rf8 28. Bg3 Qf5 29. Qd4 b4 30. Na4 Bb5 31. Nb6 Rxa2 32. bxc4 dxc4 33. Nxc4 Bxc4 34. Qxc4 Rc2 35. Qxb4 Rxf2 36. Qe4 Qxe4 37. Rxe4 Ra2 38. Rd6 Re8 39. Rg4 Kf7 40. Rd7+ Re7 41. Rxe7+ Kxe7 42. Rxg7+ Kf8 43. Rb7 Ra1+ 44. Kh2 Ra6 45. Kh3 1-0

[Event "Karl Mala Memorial op 10th"]
[Site "Griesheim"]
[Date "2006.07.22"]
[Round "4"]
[White "Berner, Manfred"]
[Black "Orwatsch, Gerhard"]
[Result "0-1"]
[WhiteElo "1908"]
[BlackElo "2089"]
[PlyCount "66"]
[EventDate "2006.07.20"]
[EventType "swiss"]
[EventRounds "7"]
[EventCountry "GER"]
[SourceTitle "CBM 113 Extra"]
[Source "ChessBase"]
[SourceDate "2006.09.14"]
[SourceVersion "1"]
[SourceVersionDate "2006.09.14"]
[SourceQuality "1"]

1. e4 c6 2. d4 d5 3. Nc3 g6 4. exd5 cxd5 5. Bf4 a6 6. Nf3 Bg7 7. Qd2 Nc6 8. Ne5 Bf5 9. Nxc6 bxc6 10. Na4 Nf6 11. Qc3 0-0 12. f3 Nd7 13. Nc5 e5 14. Nxd7 exd4 15. Qxc6 Re8+ 16. Kf2 Rc8 17. Qxa6 Rxc2+ 18. Kg3 Bxd7 19. Bd3 Be5 20. Bxc2 Bxf4+ 21. Kf2 Qh4+ 22. g3 Be3+ 23. Ke1 Qh3 24. Qf1 Qe6 25. Kd1 Qb6 26. Rb1 Qa5 27. Qg2 Qxa2 28. h4 Bb5 29. h5 d3 30. hxg6 fxg6 31. b3 dxc2+ 32. Qxc2 Qa7 33. Rh4 d4 0-1

[Event "Nuremberg-ch op 06th"]
[Site "Nuremberg"]
[Date "2006.06.04"]
[Round "5.14"]
[White "Kirch, Florian"]
[Black "Orwatsch, Gerhard"]
[Result "0-1"]
[WhiteElo "1843"]
[BlackElo "2034"]
[PlyCount "72"]
[EventDate "2006.06.02"]
[EventType "swiss"]
[EventRounds "5"]
[EventCountry "GER"]
[SourceTitle "EXT 2007"]
[Source "ChessBase"]
[SourceDate "2006.11.23"]
[SourceVersion "1"]
[SourceVersionDate "2006.11.23"]
[SourceQuality "1"]

1. d4 g6 2. c4 Bg7 3. Nc3 d6 4. Nf3 Nc6 5. d5 Ne5 6. Nxe5 Bxe5 7. e4 c5 8. Be2 Bg7 9. 0-0 Nf6 10. f4 0-0 11. Be3 a6 12. Rc1 b6 13. h3 Bd7 14. a4 Rb8 15. Bd3 Ne8 16. Qe2 Nc7 17. e5 Qe8 18. exd6 exd6 19. Ne4 Qe7 20. b3 b5 21. axb5 axb5 22. Qf2 bxc4 23. bxc4 Na6 24. g4 f5 25. Nd2 fxg4 26. hxg4 Bxg4 27. Qg3 Bf5 28. Bxf5 Rxf5 29. Rb1 Nb4 30. Rfe1 Qf8 31. Ne4 Nc2 32. Rxb8 Qxb8 33. Bxc5 dxc5 34. Rf1 Bd4+ 35. Kh2 Rh5+ 36. Kg2 Ne3+ 0-1